ALL THE FOXYS - Statistiques

Statistiques générales
  • Ce quiz a été pris 6 fois
  • Le résultat moyen est 10 sur 13
Statistiques - réponses
Par images Réponse % Correct
Foxy
100%
Funtime Foxy
100%
Nightmare Foxy
100%
Mangle
83%
Nightmare Mangle
83%
Phantom Foxy
83%
Phantom Mangle
83%
Withered Foxy
83%
Prototype Foxy
67%
Rockstar Foxy
67%
Roxy
67%
Toy Foxy
67%
Ruined Roxy
50%
Aucun quiz correspondant
Distribution des résultats
% des personnes avec chaque résultat
Percentile par nombre de réponses
Votre historique - résultats
Vous n’avez pas pris ce quiz